000 00746 a2200241 4500
001 124106
020 _a0439160103
040 _cEscola Canadense de Niteroi
090 _aS6 - BAR
100 _aBarbo, Maria S.
245 1 0 _aScooby-Doo!: the catnapped caper
250 _a1st. ed.
260 _aNew York
300 _a24 p.
_c5 x 0.25 x 9 inches
362 0 _a2000
490 0 _aScooby-Doo! Picture Clue Book
520 _aIn the midst of searching for Mrs. Blake's missing cat, Thelma looses her glasses and now Scooby and the gang are in search of two missing items.
650 4 _aDetective Stories
650 4 _aChildren's Literature
650 4 _aMystery, Thriller or Terror
650 4 _aSolving Mysteries
942 _cBK
999 _c124106
_d124106